| 000 | 00865nam a22001577a 4500 | ||
|---|---|---|---|
| 003 | OSt | ||
| 005 | 20151106150243.0 | ||
| 008 | 151106b xxu||||| |||| 00| 0 eng d | ||
| 040 | _cRUA | ||
| 082 | _aFOR HUO 2001 B127 Or.1 | ||
| 100 |
_93455 _aHUON SOKNYMPH |
||
| 245 | _aTechniques of grafting bet ween forest trees and local fruit-trees at future site of chamcar beirural enterprise center, kep city, បច្ចេកទេសបង្កាត់រុក្ខជាតិដោយសេរីរះរវាងឈើព្រៃ និងឈើហូបផ្លែក្នុងស្រុក នៅមជ្ឈដ្ឋាន អនាគតនៃមជ្ឈមណ្ឌលអផិវឌ្ឍន៍ជនបទចំការបី ក្រុងកែប, | ||
| 260 |
_aPhnom Penh _bRUA _c2001 |
||
| 300 |
_a58p. _bill. _c29cm. |
||
| 942 |
_2ddc _cFOR |
||
| 999 |
_c3225 _d3225 |
||